000
00289nam a2200133Ia 4500
008
190216s9999||||xx |||||||||||||| ||und||
100
_a
Barton A W
245
2
_a
A Text Book Of Heat
250
_a
2nd Ed.
260
_b
Longmans
_c
1963
300
_a
442
650
_a
Physics
942
_c
BK
999
_c
32730
_d
32730